| 000 | 01362cam a2200349 a 4500 | ||
|---|---|---|---|
| 999 |
_c27316 _d27316 |
||
| 001 | 427496 | ||
| 003 | OSt | ||
| 005 | 20170208094432.0 | ||
| 008 | 821228s1982 enka b s001 0 eng | ||
| 010 | _a 81052688 | ||
| 020 |
_a0520043006 (University of California Press) : _c$55.00 |
||
| 040 |
_aDLC _cDLC _dDLC |
||
| 043 | _ae-uk-en | ||
| 050 | 0 | 0 |
_aNC1478.V36 _bM37 1982 |
| 082 | 0 | 0 |
_a741.5/942 _219 |
| 100 | 1 | _aMatthews, Roy T. | |
| 245 | 1 | 0 |
_aIn "Vanity fair" / _cRoy T. Matthews and Peter Mellini. |
| 260 |
_aLondon : _bScolar Press ; _aBerkeley : _bUniversity of California Press, _c1982. |
||
| 300 |
_a275 p. : _bill. (some col.) ; _c30 cm. |
||
| 500 | _aIncludes indexes. | ||
| 504 | _aBibliography: p. 257. | ||
| 630 | 0 | 0 | _aVanity fair (London, England : 1914) |
| 650 | 0 |
_aCaricatures and cartoons _zEngland. |
|
| 650 | 0 |
_aBiography _xPortraits _xCaricatures and cartoons. |
|
| 651 | 0 |
_aEngland _xBiography _xPortraits _xCaricatures and cartoons. |
|
| 700 | 1 | _aMellini, Peter. | |
| 730 | 0 | _aVanity fair (London, England : 1914) | |
| 906 |
_a7 _bcbc _corignew _d2 _eocip _f19 _gy-gencatlg |
||
| 942 |
_2lcc _cBOOKS _hNC 1478 .V36M37 1982 |
||